|
|
|
|
| LEADER |
00000njm a2200000 a 4500 |
| 001 |
vtls001254777 |
| 003 |
SK-MaSNL |
| 005 |
20260302020242.0 |
| 008 |
130606s1999 xo 0 slo |
| 015 |
|
|
|a SNBJ2000/03-01301
|
| 035 |
|
|
|a SNK000205609
|
| 040 |
|
|
|a SNK
|b slo
|c SNK
|e AACR2
|
| 044 |
|
|
|a xo
|c SK
|
| 080 |
|
|
|a 784.75:785.1(086.7)
|2 1981
|
| 245 |
1 |
|
|a Jana Kocianová. Evanjelium
|h zvukový dokument
|
| 260 |
|
|
|a Bratislava
|b Radio Bratislava
|c 1999
|
| 300 |
|
|
|a 1 magnetofónová kazeta (56 min. 2 sek.)
|b stereo
|
| 500 |
|
|
|a Fotograf Alexander Klinko
|
| 505 |
0 |
|
|a Obsahuje 20 piesní
|
| 508 |
|
|
|a Aranžmán Chris A. McGlothlin, Kamil Paprčka, Jana Kocianová, Jozef Skvařil, Milan Vidlák
|
| 511 |
|
|
|a Mario Fančovič, umelecký vedúci
|
| 511 |
|
|
|a Spieva Jana Kocianová
|
| 511 |
|
|
|a Spoluúčinkujú Ján Sucháň, Milan Vidlák, Alexander Dányi, Peter Markuljak, Stanislav Herko, Martin Ďurdina, Igor Bielik, Ján Demenčík, Jozef Dodo Šošoka, Milan Ruček, Jozef Skvařil, Erik Procházka
|
| 511 |
|
|
|a Spieva vokálna skupina Cloce Harmony Friends
|
| 650 |
0 |
7 |
|a vokálna hudba
|x spirituály
|x gospely
|x kazety magnetofónové
|2 SNK
|9 584592
|
| 650 |
0 |
7 |
|a spirituály
|x kazety magnetofónové
|2 SNK
|9 289402
|
| 650 |
0 |
7 |
|a gospel
|x kazety magnetofónové
|2 SNK
|9 63317
|
| 655 |
|
7 |
|a magnetofónové kazety
|2 SNK
|9 70693
|
| 700 |
1 |
|
|a Fančovič, Mario
|4 dir
|9 635893
|
| 700 |
1 |
|
|a McGlothlin, Chris A.
|4 ara
|9 635894
|
| 700 |
1 |
|
|a Kocianová, Jana,
|d 1946-2018
|4 ara
|4 roz
|9 98850
|
| 700 |
1 |
|
|a Skvařil, Jozef
|4 ara
|4 uci
|9 635895
|
| 700 |
1 |
|
|a Paprčka, Kamil,
|d 1964-
|4 ara
|9 41806
|
| 700 |
1 |
|
|a Vidlák, Milan
|4 ara
|4 uci
|9 635896
|
| 700 |
1 |
|
|a Sucháň, Ján,
|d 1951-
|4 uci
|9 120450
|
| 700 |
1 |
|
|a Dányi, Alexander
|4 uci
|9 454220
|
| 700 |
1 |
|
|a Markuljak, Peter
|4 uci
|9 528903
|
| 700 |
1 |
|
|a Herko, Stanislav,
|d 1946-
|4 uci
|9 63183
|
| 700 |
1 |
|
|a Ďurdina, Martin,
|d 1973-2014
|4 uci
|9 49140
|
| 700 |
1 |
|
|a Bielik, Igor
|4 uci
|9 635897
|
| 700 |
1 |
|
|a Demenčík, Ján
|4 uci
|9 295692
|
| 700 |
1 |
|
|a Šošoka, Jozef,
|d 1943-2008
|4 uci
|9 246202
|
| 700 |
1 |
|
|a Ruček, Milan
|4 uci
|9 635898
|
| 700 |
1 |
|
|a Procházka, Erich,
|d 1961-
|4 uci
|9 111157
|
| 700 |
1 |
|
|a Klinko, Alexander
|4 fot
|9 9117
|
| 710 |
2 |
|
|a Close Harmony Friends (zbor)
|4 roz
|9 34627
|
| 999 |
|
|
|c 1024421
|d 1026351
|
| 952 |
|
|
|t P60, <03>, [BOOK], {603}
|a SNK
|b SNK
|y PREZ
|7 0
|p 17A0160888
|o snkK 2198
|i snkJK 233/2000
|0 0
|1 0
|4 0
|d 1999-02-03
|l 0
|r 2005-01-01 00:00:00
|w 2026-02-24
|